000 00414nam a2200181Ia 4500
001 24134
005 20260414151023.0
008 260414t2001||||xx |||||||||||||| ||spa||
041 _aESP
082 _a781.1
_bC12
100 _aCanal, María Fernanda [ed.]
_eAUT
245 0 _aVivamos la música 4
_b
260 _c2001
300 _a
_c30 cm.
650 _aABD
654 _aCAU
942 _cLIB
_dJUS
_fJUS
_2ddc
_n
999 _c24134
_d24134